000 00512nam a2200169Ia 4500
008 090711s9999 xx 000 0 und d
082 _b21
100 _aकाकडे द. स.
245 _aतांबडी माती
260 _bशांती पब्लिकेशन्स
_c2000
300 _a176
600 _aकाकडे द. स.
630 _aतांबडी माती
700 _aकाकडे द. स.
730 _aतांबडी माती
942 _cBOOK
999 _c336978
_d336978